Uruguay National Team All-Time XI - Statistics

General Stats
  • This quiz has been taken 96 times
  • The average score is 5 of 13
Answer Stats
Position Period Player % Correct
FW 2007- Luis Suárez
100%
12th player 2008-22 Edinson Cavani
91%
FW 2002-14 Diego Forlán
82%
DF 2005-22 Diego Godín
78%
Coach 1988-90/2006-21 Óscar Tabárez
32%
MF 1982-97 Enzo Francescoli
28%
MF 1946-54 Juan Alberto Schiaffino
26%
MF 1939-54 Obdulio Varela
20%
DF 1923-36 José Nasazzi
19%
DF 1923-30 José Leandro Andrade
18%
GK 1965-74 Ladislao Mazurkiewicz
14%
DF 1952-57 José Santamaría
13%
FW 1917-30 Héctor Scarone
9%
No matching quizzes found
Score Distribution
Percent of People with Each Score
Percentile by Number Answered
Your Score History
You have not taken this quiz